AGEN OF THE LORD OF CHAOS

Bibliographic Details
Main Author: Tadatada (Author)
Corporate Author: Solar Team (Illustrator)
Other Authors: Lee, JX (Editor), Raja Danial (Translator)
Format: Book
Published: Kuala Lumpur : KADOKAWA GEMPAK STARZ SDN BHD [2023?]
Edition:First edition September 2023
Series:THE GOLDEN AGE OF ADVENTURE H47
Subjects:

MARC

LEADER 00000cam a2200000 7i4500
001 0000314009
005 20241025160918.0
006 #a j### ### 000
007 t
008 t20232023my a j #000 eng
020 |a 9786294790353 
040 |a MBPJ   |b eng   |c MBPJ   |e rda 
090 0 0 |a JF   |b TAD 
100 1 |a Tadatada ,   |e author 
245 1 0 |a AGEN OF THE LORD OF CHAOS   |c Story : Tadatada ; Comic : Solar Team ; Translator Raja Danial ; Copy Editor JX Lee 
250 |a First edition September 2023 
264 1 |a Kuala Lumpur :   |b KADOKAWA GEMPAK STARZ SDN BHD   |c [2023?] 
264 4 |c ©2023 
300 |a 152, 6 unnumbered pages :   |b colour illustrations ;   |c 21 cm. 
336 |a still image  |2 rdacontent 
336 |a text  |2 rdacontent 
337 |a unmediated  |2 rdamedia 
338 |a volume  |2 rdacarrier 
490 1 |a THE GOLDEN AGE OF ADVENTURE H47 
650 0 |a Comic books and teenagers   |v Translations into English 
650 0 |a Comic books, strips, etc.   |v Translations into English 
700 0 |a Lee, JX ,   |e editor 
700 0 |a Raja Danial ,   |e translator 
710 0 |a Solar Team   |e illustrator 
999 |a 00411869   |b BUKU   |c PINJAMAN   |e PERPUSTAKAAN KOMUNITI PETALING JAYA